Little Big Town + Members Charting Songs (Billboard Hot 100) - Statistics

General Stats
  • This quiz has been taken 17 times
    7 since last reset
  • The average score is 7 of 13
Answer Stats
Album Weeks On Peak Artist(s) Song % Correct
The Breaker 20 Weeks #34 Little Big Town Better Man
75%
The Road to Here 20 Weeks #46 Little Big Town Boondocks
75%
Pain Killer 24 Weeks #18 Little Big Town Girl Crush
75%
Tornado 20 Weeks #22 Little Big Town Pontoon
75%
Tornado 20 Weeks #51 Little Big Town Tornado
75%
The Road to Here 18 Weeks #58 Little Big Town Bring It On Home
50%
Pain Killer 20 Weeks #40 Little Big Town Day Drinking
50%
Kill the Lights 20 Weeks #38 Luke Bryan ft. Karen Fairchild Home Alone Tonight
50%
Love on the Inside and A Place to Land 3 Weeks #43 Sugarland ft. Little Big Town & Jake Owen Life in a Northern Town
50%
The Reason Why 20 Weeks #59 Little Big Town Little White Church
50%
Nightfall 1 Week #100 Little Big Town Wine, Beer, Whiskey
50%
Mr. Sun 1 Week #91 Little Big Town Hell Yeah
25%
Tornado 1 Week #96 Little Big Town Your Side of the Bed
25%
No matching quizzes found
Score Distribution
Percent of People with Each Score
Percentile by Number Answered
Your Score History
You have not taken this quiz since the last reset